00344nam a2200133Ia 4500003000400000008004100004020002200045040000800067100001900075245005600094260003400150300001500184365001100199LDD181029s9999 xx 000 0 und d a195632087c295.00 cLDD aIyer, Raghavan 0aEssential writings of Mahatma GandhicRaghavan Iyer aNew DelhibOxford Indiac2006 axvi, 441p. b295.00